Formulation, Implementation, and Control of Competitive Strategy

Enregistré dans:
Détails bibliographiques
Auteur principal: Pearce II, John A.
Autres auteurs: Robinson, Richard B.
Format: Livre
Langue:anglais
Publié: Homewood IRWIN 1991
Édition:4. ed.
Sujets:
Tags: Ajouter un tag
Pas de tags, Soyez le premier à ajouter un tag!

MARC

LEADER 00000nam a2200000 4500
001 c009676
005 20221206114605.3
020 |a 0-256-08324-X 
041 0 |a eng 
044 |a US 
245 1 0 |a Formulation, Implementation, and Control of Competitive Strategy  |c John A. Pearce II, Richard B. Robinson 
250 |a 4. ed. 
264 1 |a Homewood  |b IRWIN  |c 1991 
300 |a 390 s. 
610 2 0 |a konkurencia 
610 2 0 |a stratégia marketingová 
610 2 0 |a stratégia podniková 
610 2 0 |a manažment strategický 
610 2 0 |a kontrola 
100 1 |a Pearce II, John A. 
700 1 |a Robinson, Richard B.